Statystyki dla 5 największych państw na każdym kontynencie według powierzchni

Kliknij tutaj aby rozwiązać quiz!

Ogólne statystyki

  • Ten quiz został rozwiązany 2 283 razy
  • Średni wynik to 24 z 30

Statystyki odpowiedzi

KontynentKraj% Poprawnych
EuropaRosja
100%
AzjaRosja
100%
Francja
98%
Ameryka PółnocnaKanada
98%
Stany Zjednoczone
98%
Ameryka PołudniowaBrazylia
97%
Chiny
97%
Hiszpania
96%
Argentyna
94%
Australia i OceaniaAustralia
94%
Meksyk
94%
Indie
91%
Ukraina
91%
Nowa Zelandia
86%
Kolumbia
85%
Szwecja
85%
Kazachstan
83%
Peru
82%
AfrykaAlgieria
78%
Boliwia
74%
Arabia Saudyjska
70%
Sudan
70%
Demokratyczna Republika Konga
64%
Libia
61%
Papua-Nowa Gwinea
60%
Honduras
58%
Czad
55%
Nikaragua
50%
Fidżi
44%
Wyspy Salomona
38%

Rozkład punktacji

Percentyl według liczby udzielonych odpowiedzi

Procent ludzi z każdym wynikiem

Twoja historia wyników

Nie rozwiązałeś tego quizu